Hystereze na trhu práce

Veľká neistota a veľké príležitosti - to sú nové znaky konkurenčného prostredia na trhu práce. Situácia na dnešných trhoch práce. Koncept flexibility pracovníkov. Prejav hysterézie (oneskorovania) na trhu práce. Objasnenie pojmu a dôsledky hysterézie na trhu práce. Návrhy opatrení na spružnenie trhu...

ver descrição completa

Na minha lista:
Detalhes bibliográficos
Autor principal: Brožová, Dagmar
Formato: Capítulo de Livro
Idioma:tcheco
Assuntos:
Tags: Adicionar Tag
Sem tags, seja o primeiro a adicionar uma tag!

MARC

LEADER 00000naa a2200000 4500
001 r048478
005 20231002104403.1
041 0 |a cze 
044 |a CZ 
245 1 0 |a Hystereze na trhu práce  |c Dagmar Brožová 
520 |a Veľká neistota a veľké príležitosti - to sú nové znaky konkurenčného prostredia na trhu práce. Situácia na dnešných trhoch práce. Koncept flexibility pracovníkov. Prejav hysterézie (oneskorovania) na trhu práce. Objasnenie pojmu a dôsledky hysterézie na trhu práce. Návrhy opatrení na spružnenie trhu práce. 
610 2 0 |a trh práce 
610 2 0 |a flexibilita 
610 2 0 |a nezamestnaní 
610 2 0 |a nezamestnanosť 
610 2 0 |a konkurencia 
610 2 0 |a vzdelanie 
610 2 0 |a pracovníci 
610 2 0 |a inflácia 
610 2 0 |a mzdy 
100 1 |a Brožová, Dagmar